Statistics for Recess - Melanie Martinez (Guess the Lyrics)

Click here to take the quiz!

General Stats

  • This quiz has been taken 43 times
  • The average score is 37 of 45

Answer Stats

% Correct
Ipeoplei'vethatEuphoriaf**k
97%
youtired"yourGonein
97%
totellwanteddollarsupsetoh
95%
toyoubedletyouI'm
95%
wasgonnadoneyou'reWhenyou
95%
theyou'recometheirthinklet
92%
theletscreamin'lettake
92%
tootryEverythingfineIhoney
92%
Toothemoutohsaysay
92%
seeyouhasinIDon't
90%
truthfinetoeyesinthem
90%
youngToIwithgetno
90%
Inwithfruition(Justmytry
87%
inremember)Iyousays"you
87%
perfumeletgetnogonnaJust
87%
herDon'tcan'thoneyPeoplebaby
85%
evenhoneyStressin'themneedtired"
82%
myyouyouI'myou
82%
mydollarsIremember)head(ooh)
82%
naivef**kmyDon'tIf"Recess
82%
ainPeoplemyeyes
79%
careno'bouttrya
79%
grandma'sinshouldDon't"IDon't
79%
laptheirbeletdolet
79%
peoplejustaWhereyou're
79%
say"Recesssomeone'llmywith
79%
breakmygonnamind(Just
77%
drowning(Justbutf**kshehurt
77%
gonnasaybreakisfine
77%
hairbabyneedtired"that
77%
IfI'mtaketime?dollars
77%
needSittin'placeintheir
77%
shetrymyhurtplace
77%
sheletgonnaJusttry
77%
yourattellcan'tlet
77%
brushedthemsaysayTo
74%
placeallyoufindthem
74%
takelookingToIDon't
74%
wordstheminsidethemyour
74%
i'meyeshappythemasthem
72%
outhurtif"Recesstell
72%
whileDon'tPeoplebabygonna
72%
'BoutDon'tvoicesDon'tsomeone'll
69%
whispered(ooh)headyouPeople
67%
someone'llroomtryGoneremember)
49%

Score Distribution

Percentile by Number Answered

Percent of People with Each Score

Your Score History

You have not taken this quiz